header

Ozone layer (Record no. 26717)

MARC details
000 -LEADER
fixed length control field 01226nam a22003134a 4500
082 04 - DEWEY DECIMAL CLASSIFICATION NUMBER
Classification number 551.51/42
100 1# - MAIN ENTRY--AUTHOR NAME
Personal name Christie, Maureen,
245 10 - TITLE STATEMENT
Title Ozone layer
260 ## - PUBLICATION, DISTRIBUTION, ETC. (IMPRINT)
Place of publication Cambridge, UK ;
-- New York :
Name of publisher Cambridge University Press,
Year of publication 2001.
300 ## - PHYSICAL DESCRIPTION
Number of Pages xii, 215 p. :
Other physical details ill.
650 #0 - SUBJECT ADDED ENTRY--TOPICAL TERM
Topical Term Ozone layer.
Topical Term Science
856 40 - ELECTRONIC LOCATION AND ACCESS
Uniform Resource Identifier http://site.ebrary.com/lib/rucke/Doc?id=10014880

No items available.

© 2026 Rongo University
Contact us: librarian | system librarian | Rongo university